[Event "World ol U16"]
[Site "Corum"]
[Date "2019.10.31"]
[Round "4.19"]
[White "Wong, Ching Chi"]
[Black "Ozdilli, Mustafa Alper"]
[Result "1-0"]
[WhiteElo "1879"]
[BlackElo "1328"]
[PlyCount "39"]
[EventDate "2019.10.29"]
[EventType "team-swiss"]
[EventRounds "9"]
[EventCountry "TUR"]
[SourceTitle "CBM 192 Extra"]
[Source "Chessbase"]
[SourceDate "2019.11.06"]
[SourceVersion "1"]
[SourceVersionDate "2019.11.06"]
[SourceQuality "1"]
[WhiteTeam "Hong Kong"]
[BlackTeam "Turkey Corum"]
[WhiteTeamCountry "HKG"]
[BlackTeamCountry "TUR"]

1. Nf3 g6 2. d4 Bg7 3. c4 d6 4. Nc3 Nc6 5. h3 e5 6. d5 Nd4 7. Nxd4 exd4 8. Nb5 a6 9. Nxd4 c5 10. dxc6 Qa5+ 11. Bd2 Qc5 12. Bc3 b5 13. Nxb5 Bxc3+ 14. Nxc3 Rb8 15. b3 Nf6 16. e3 Qa5 17. Rc1 Ne4 18. Qd4 Bf5 19. Bd3 Qa3 20. 0-0 1-0

[Event "TUR-chT Clubs"]
[Site "Konya"]
[Date "2019.07.17"]
[Round "2.25"]
[White "Ozdilli, Mustafa Alper"]
[Black "Topal, Gorkem"]
[Result "0-1"]
[WhiteElo "1292"]
[BlackElo "1140"]
[PlyCount "70"]
[EventDate "2019.07.16"]
[EventType "team-swiss"]
[EventRounds "9"]
[EventCountry "TUR"]
[SourceTitle "CBM 191 Extra"]
[Source "ChessBase"]
[SourceDate "2019.09.30"]
[SourceVersion "1"]
[SourceVersionDate "2019.09.30"]
[SourceQuality "1"]
[WhiteTeam "Corum Mavi Ay"]
[BlackTeam "Kadirli Savrun"]
[WhiteTeamCountry "TUR"]
[BlackTeamCountry "TUR"]

1. e4 e5 2. Nf3 Nc6 3. Bc4 Bc5 4. 0-0 Nf6 5. d4 Bxd4 6. Nxd4 Nxd4 7. f4 Nc6 8. Nc3 d6 9. f5 h6 10. g4 Nh7 11. Qd5 Qe7 12. a3 Nd4 13. Nb5 Nf6 14. Nxd6+ cxd6 15. Bb5+ Nxb5 16. Qxb5+ Qd7 17. Qe2 Qc6 18. Re1 b6 19. Kf2 Bb7 20. Kf3 Rc8 21. c3 Qa4 22. Qd3 Rc6 23. b4 Ke7 24. Bb2 Ba6 25. Qd2 Rc4 26. Rad1 Qc6 27. Qc2 Bb7 28. b5 Qxb5 29. Rd2 Nxe4 30. f6+ gxf6 31. h3 Nxd2+ 32. Kg3 Ne4+ 33. Kh4 h5 34. Rf1 hxg4+ 35. Kxg4 Nd2+ 0-1